000 00376nam a2200145Ia 4500
008 150201s2003 xx 000 0 und d
082 _a617.6
_bR2003J
100 _aJAIN,ANURAG
245 _aREVIEW SERIES FOR AIPG DENTAL EXAMINATION
250 _a1ST
260 _bJAYPEE MEDICAL PUBLISHER
_aDELHI
_c2003
300 _a1-354
650 _aGENERAL DENTISTRY
942 _2ddc
_cBK
999 _c3423
_d3423